Zodiacvs Christianvs locupletatus: seu signa XII. diuinae praedestinationis /

Hlavní autor: Drexel, Jeremias, 1581-1638
Další autoři: Sadeler, Raphael, starší, 1560-1632
Jazyk: Latina
Vydáno: Monaci : Ex formis Annae Bergiae viduae. Apud Raphaelem Sadelervm Iconographum Ducalem venalis, 1622
Témata:
Fyzický popis: [25], 305, [2] s. ; 12°
Knihy
Uloženo v:
LEADER 01358nam a22003497a 4500
001 mzk03001200117
003 CZ BrMZK
005 20160609091940.0
007 ta
008 080125s1622 gw ai fr|||||00| ||latod
040 |a BOA001  |b cze  |c BOA001 
072 7 |a 094  |x Staré tisky  |2 Konspekt  |9 12 
080 |a (0.068)094  |2 MRF 
100 1 |a Drexel, Jeremias,  |d 1581-1638  |7 js20011212134  |4 aut 
245 1 0 |a Zodiacvs Christianvs locupletatus: seu signa XII. diuinae praedestinationis /  |c Totidem symbolis explicata Ab Hieremia Drexelio è Societate Iesv. Raphael Sadelerus, imaginibus exornavit, et venum proposuit 
260 |a Monaci :  |b Ex formis Annae Bergiae viduae. Apud Raphaelem Sadelervm Iconographum Ducalem venalis,  |c 1622 
300 |a [25], 305, [2] s. ;  |c 12° 
500 |a Výzdoba: Mědirytiny 
590 |a Chybí titulní list 
655 7 |a staré tisky  |7 fd422076  |2 czenas 
700 1 |a Sadeler, Raphael,  |c starší,  |d 1560-1632  |7 mzk2008463664  |4 pbl 
903 |a RP 
910 |a SVE951  |b D-K.d.17 
978 |b Berg, Anna  |a München  |c 1622 
978 |b Sadeler, Raphael st.  |a München  |c 1622 
984 |a Mnichov  |b Německo 
985 |a 1601-1650 
990 |a BK 
993 |a Y 
991 |k dacice 
980 |g D-K.d.17  |1 4584201745 
996 6 |b 4584201745  |c D-K.d.17  |l stud. ST  |r Sklad / do násl. otevíracího dne  |n 0  |w 001684213  |u 000010  |a 1  |e BOA001  |s P